00918nam a2200265 i 450000100060000000300090000600500170001500700030003200800410003502000180007610000200009424500910011425000120020526000450021730000280026249000400029050000400033050501030037070000280047374000220050174000290052374000270055283000370057985200360061631975ES-MaACL20250804064859.0t|030130s1976 sp ||||1| spa d a84-279-0850-41 aBerger, René.13aEl conocimiento de la pintura / cRené Berger ; traducción, Luis Monreal y Tejada. a2ª ed. aBarcelona ; aMadrid : bNoguer, c1976. a3 v. : bil. ; c18 cm.1 aLibros de bolsillo Noguer ; v44-46 aBibliografía e índices en v. 3.8 aContiene: V. I: El arte de verla. -- V. II: El arte de comprenderla. V. III: El arte de apreciarla1 aMonreal y Tejada, Luis.3 aEl arte de verla.3 aEl arte de comprenderla.3 aEl arte de apreciarla.00aLibros de bolsillo Noguerv44-46 aES-MaACLjL-11078-80 bR.113045